00590 2200169 4500001002100000005001500021035002000036007000300056008004100059020002200100100001300122245016300135250001100298260004100309300004600350650002400396INLIS00000000000066420221129031414 a0010-1122000258ta221129 a 0 ind  a978-602-175-529-10 aWahyu W.1 aNabi Muhammad Shallallhu 'Alaihi Wasallam :bKisah Teladan Para Nabi dalam memperjuangkan Agama yang penuh berkah dan manfaat untuk anak-anak kita /cWahyu W. aCet. I aJakarta :bPustaka Sandro Jaya,c--- a24 halaman :bilustrasi berwarna ;c20 cm 4aKisah Nabi Muhammad